Catálogo público

Integrated management of insects in stored products / (Record no. 200780)

MARC details
000 -CABECERA
campo de control de longitud fija 00834nam a2200277Ia 4500
001 - NÚMERO DE CONTROL
campo de control Para_2166
003 - IDENTIFICADOR DEL NÚMERO DE CONTROL
campo de control CHAP
008 - DATOS DE LONGITUD FIJA--INFORMACIÓN GENERAL
campo de control de longitud fija 220125s1995 xx 000 0 und d
010 ## - NÚMERO DE CONTROL DE LA BIBLIOTECA DEL CONGRESO
Número de control de LC 200780
040 ## - FUENTE DE LA CATALOGACIÓN
Centro/agencia transcriptor CHAP
082 ## - NÚMERO DE LA CLASIFICACIÓN DECIMAL DEWEY
Número de clasificación PA 633.10468 S8
100 ## - ENTRADA PRINCIPAL--NOMBRE DE PERSONA
Nombre de persona Subramanyam, Bhadriraju, ed.
9 (RLIN) 165622
245 ## - MENCIÓN DE TÍTULO
Título Integrated management of insects in stored products /
Mención de responsabilidad, etc. ed. by Bhadriraju Subramanyam and David W. Hagstrum
260 ## - PUBLICACIÓN, DISTRIBUCIÓN, ETC.
Lugar de publicación, distribución, etc. New York :
Nombre del editor, distribuidor, etc. Marcel Dekker
300 ## - DESCRIPCIÓN FÍSICA
Extensión 426 p.
650 ## - PUNTO DE ACCESO ADICIONAL DE MATERIA--TÉRMINO DE MATERIA
Término de materia o nombre geográfico como elemento de entrada Cereales
Subdivisión general Almacenamiento
-- plagas
9 (RLIN) 21378
650 ## - PUNTO DE ACCESO ADICIONAL DE MATERIA--TÉRMINO DE MATERIA
Término de materia o nombre geográfico como elemento de entrada Insectos parasitos y predatores
9 (RLIN) 58961
700 ## - PUNTO DE ACCESO ADICIONAL--NOMBRE DE PERSONA
Nombre de persona Hagstrum, David W.
9 (RLIN) 52235
901 ## - ELEMENTOS DE DATOS A LOCAL LDA (RLIN)
a PA 633.10468 S8
902 ## - ELEMENTOS DE DATOS B LOCAL, LDB (RLIN)
a A
905 ## - ELEMENTOS DE DATOS E LOCAL, LDE (RLIN)
a 0000001995 i 0000000000 00
910 ## - DATOS DE OPCIÓN DEL USUARIO (OCLC)
Datos de opción del usuario 1995
942 ## - ELEMENTOS DE PUNTO DE ACCESO ADICIONAL (KOHA)
Tipo de ítem Koha Parasitologia_
942 ## - ELEMENTOS DE PUNTO DE ACCESO ADICIONAL (KOHA)
Tipo de ítem Koha Parasitologia_
-- 1
Holdings
Estado de retiro Estado de pérdida Fuente del sistema de clasificación o colocación Estado dañado No para préstamo Código de colección Localización permanente Ubicación/localización actual Fecha de adquisición Número de inventario Total de préstamos Signatura topográfica completa Código de barras Fecha visto por última vez Número de copia Precio válido a partir de Tipo de ítem Koha Nota pública
    Dewey Decimal Classification     General Parasitologia Agricola Parasitologia Agricola 27/10/2005 (PA_7857) (No. UACh 203189)   PA 633.10468 S8 4102003133 25/01/2022 Ej.1 25/01/2022 Libro 3